Guess the Taylor Swift Song (no hints) 78 - Statistics

General Stats
  • This quiz has been taken 100 times
  • The average score is 180 of 296
Answer Stats
Answer % Correct
I
99%
you
99%
You
99%
the
96%
The
96%
me
94%
and
93%
And
93%
it
93%
my
93%
your
93%
Your
93%
is
92%
it's
90%
to
90%
that
89%
be
86%
in
86%
love
86%
where
85%
who
85%
do
83%
So
83%
you're
83%
they
82%
They
82%
know
80%
like
80%
But
79%
but
79%
for
79%
this
79%
what
79%
were
77%
at
76%
don't
76%
Don't
76%
If
75%
say
75%
are
72%
not
72%
'cause
69%
'Cause
69%
mine
69%
I'll
68%
time
68%
now
66%
never
65%
can't
63%
up
63%
from
62%
things
62%
about
61%
out,
61%
out
61%
their
61%
here
58%
look
58%
with
58%
With
58%
have
56%
yours
56%
always
55%
ours
54%
you'll
54%
mind
49%
heart
48%
will
46%
People
45%
people
45%
there's
45%
little
44%
right
44%
take
42%
we'd
42%
wanna
41%
pretty
39%
rocks
39%
shine
39%
throw
39%
what's
39%
worry
39%
care
38%
someone
38%
gonna
37%
They'll
37%
those
37%
life
35%
nothing
35%
high,
34%
makes
34%
theirs
34%
water's
34%
hard
32%
laugh
32%
else
31%
hands
31%
morning
31%
rough
31%
any
30%
give
30%
sleeves
30%
stakes
30%
wrong
30%
air
28%
buttons
28%
stairs
28%
Elevator
27%
Seems
27%
stares
27%
vacant
27%
belong
25%
silence
25%
jump
24%
lip
24%
past
24%
song
24%
speak
24%
between
23%
choice
23%
disapproves
23%
gap
23%
Ghosts
23%
tattoos
23%
teeth
23%
comes
21%
jury's
21%
riddles
21%
smiles
21%
father
20%
gloss
20%
judge
20%
remarks
20%
shadows
20%
speculate
20%
tough
20%
ignored
18%
snide
18%
Strangers'
18%
Lurking
17%
fight
15%
verdict
15%
doubt
14%
faith
14%
No matching quizzes found
Score Distribution
Percent of People with Each Score
Percentile by Number Answered
Your Score History
You have not taken this quiz